| 000 | 00927cam a22002655a 4500 | ||
|---|---|---|---|
| 001 | 18283357 | ||
| 005 | 20160225103523.0 | ||
| 008 | 140828s2015 maua frbd 001 0 eng d | ||
| 020 | _a9781856175586 | ||
| 040 |
_aDLC _beng _cDLC _dDLC _dEG-ScBUE _dEG-ScBUE _dEG-ScBUE |
||
| 082 | 0 | 4 |
_a622.33819 _bSPE _222 |
| 100 | 1 |
_aSpeight, James G. _94382 |
|
| 245 | 1 | 0 |
_aHandbook of offshore oil and gas operations / _cJames G. Speight. |
| 250 | _a1st ed. | ||
| 260 |
_aWaltham ; _aOxford : _bGulf Professional Publishing / Elsevier, _c2015. |
||
| 300 |
_axiii, 429 p. : _bill. ; _c24 cm. |
||
| 500 | _aGlossary : p. 401-418. | ||
| 500 | _aIndex : p. 419-429. | ||
| 504 | _aIncludes bibliographical references. | ||
| 650 | 7 |
_aOffshore oil well drilling. _2BUEsh _95117 |
|
| 650 | 7 |
_aPetroleum _xTransportation. _2BUEsh _937910 |
|
| 651 | _2BUEsh | ||
| 653 |
_bENGGEN _bENGPET _bBUSECO _cMay2015 _cFebruary2016 |
||
| 942 |
_2ddc _k622.33819 SPE |
||
| 999 |
_c19335 _d19307 |
||